| 000 | 01697nam a2200289 a 4500 | ||
|---|---|---|---|
| 001 | 78285 | ||
| 003 | BD-RjUL | ||
| 005 | 20211209083119.0 | ||
| 008 | 210902s2019 bg a|||| m||| 00| 0 ben d | ||
| 035 | _a(BD-RjUL)78511 | ||
| 040 |
_aBD-RjUL _bben /eng _cBD-RjUL _dBD-RjUL |
||
| 041 | _aben | ||
| 082 |
_a891.44109 _bJUS 2019 _223 |
||
| 100 |
_aজুহরী, সৈয়দ তৌফিক _9247346 |
||
| 245 | 1 | 0 |
_aসমর সেন : _bকবিমানস ও কাব্যবিচার / _cসৈয়দ তৌফিক জুহরী ; _6গবেষণা-তত্ত্বাবধায়ক : শহীদ ইকবাল |
| 246 |
_aSamar Sen: _bPoetic Self and Poetics |
||
| 260 |
_aরাজশাহী : _bবাংলা বিভাগ, রাজশাহী বিশ্ববিদ্যালয়, _c২০১৯ |
||
| 300 |
_a[৪], ১৯৭ পাতা : _bচিএ ; _c২৯ সেমি. |
||
| 502 | _aথিসিস (পিএইচ. ডি.) -- বাংলা বিভাগ, রাজশাহী বিশ্ববিদ্যালয়, ২০১৯ | ||
| 504 | _aগ্রন্থপঞ্জি : পাতা [১৭২]-১৯৭ | ||
| 600 |
_aসেন, সমর, _d-১৯১৬-১৯৮৭ _xসমালোচনা ও ব্যাখ্যা _9247462 |
||
| 600 |
_aSen, Somor _d-1916-2008 _xCriticism and Interpretation _9247463 |
||
| 650 |
_aবাংলা কবিতা _xইতিহাস ও সমালোচনা _9247444 |
||
| 650 |
_aBengali Poetry _xHistory & Criticism _9247445 |
||
| 700 |
_aইকবাল, শহীদ, গবেষণা-তত্ত্বাবধায়ক _9247351 |
||
| 942 |
_2ddc _cTHE |
||
| 999 |
_c78285 _d78285 |
||